[Event "Chalkida Tessas op-ch"]
[Site "Chalkida"]
[Date "2008.06.21"]
[Round "1"]
[White "Balokas, Dimitrios"]
[Black "Roumbis, Evaggelos"]
[Result "1/2-1/2"]
[WhiteElo "1525"]
[BlackElo "1000"]
[PlyCount "131"]
[EventDate "2008.06.21"]
[EventType "swiss"]
[EventRounds "6"]
[EventCountry "GRE"]
[SourceTitle "EXT 2010"]
[Source "ChessBase"]
[SourceDate "2010.11.25"]
[SourceVersion "1"]
[SourceVersionDate "2010.11.25"]
[SourceQuality "1"]

1. d4 d5 2. Nf3 c6 3. c4 Bf5 4. Nc3 Nf6 5. cxd5 cxd5 6. Qb3 b6 7. e4 dxe4 8. Bb5+ Bd7 9. Ne5 e6 10. Bg5 Be7 11. Bxf6 gxf6 12. Bxd7+ Nxd7 13. Nc6 Qc7 14. Nxe7 Kxe7 15. Nb5 Qc6 16. Qb4+ Ke8 17. Nd6+ Kf8 18. Nf5+ Nc5 19. Ne3 Qa4 20. Qxa4 Nxa4 21. Rb1 b5 22. 0-0 Rc8 23. f3 exf3 24. Rxf3 Ke7 25. Re1 Nb6 26. d5 Nc4 27. Nf5+ Kd7 28. dxe6+ fxe6 29. Rd3+ Kc7 30. Rxe6 Nxb2 31. Rb3 Nc4 32. Rxb5 Nb6 33. Ra5 Kb8 34. h3 Rc7 35. Rxf6 Rg8 36. Rb5 Rc1+ 37. Kh2 Rc2 38. Nh4 Rxa2 39. Rf7 h6 40. Rh5 Nc4 41. Re7 Nd2 42. Rf5 Nc4 43. Rff7 Nd6 44. Rf3 a5 45. Re6 Nc4 46. Rb3+ Kc7 47. Rc3 Kd7 48. Rxh6 Nd2 49. Rd3+ Kc7 50. Rh7+ Kb6 51. Rf7 Kb5 52. Rf2 Ra4 53. Rfxd2 Rxh4 54. g4 Rgxg4 55. Rd5+ Kb4 56. Rb2+ Kc3 57. Rdd2 Rc4 58. Kg3 Rhe4 59. Rdc2+ Kd4 60. Rxc4+ Kxc4 61. Ra2 Kb4 62. Kf3 Rc4 63. Ke3 Rc3+ 64. Kd2 Rxh3 65. Kc2 Rb3 66. Rxa5 1/2-1/2